Carlos Roberto Montenegro Ríos: Historia de los partidos politicos en Guatemala /

Gardado en:
Detalles Bibliográficos
Autor Principal: López chávez, Carlos
Formato: Texto
Etiquetas: Engadir etiqueta
Sen Etiquetas, Sexa o primeiro en etiquetar este rexistro!

MARC

LEADER 00000 a a2200000 04500
001 45463
003
040
090 |a REV0780 (41)2003  
100 |a López chávez, Carlos  
245 |a Carlos Roberto Montenegro Ríos:   |b Historia de los partidos politicos en Guatemala /  |c Carlos López Chávez  
773 |g número41, V Epoca (Noviembre , 2003), páginas 197-202  
999 |c 31334  |d 31334